| 000 | 00367nam a2200133 a 4500 | ||
|---|---|---|---|
| 005 | 20140414132121.0 | ||
| 008 | 120822s19uu xx 00 eng d | ||
| 050 |
_aTR 372.622 _bS719 200_ |
||
| 245 | _aSound & Letters. | ||
| 260 |
_aHunter Valley, Maryland : _bClavert School, _c200_. |
||
| 300 | _a25 | ||
| 650 |
_aPhonics-sounds. _xPhonics-letters. |
||
| 999 |
_c115067 _d115067 |
||